Väčšina na zisk v nemocnici neverí, niektorí ho však tvoriť dokážu
Slovenské nemocnice avizujú, že možnosti na ďalšie znižovanie nákladov a zadlženosti začínajú dosahovať svoje limity. Samospráve sa darí spomaľovať dynamiku tvorby dlhov, ale vyrovnané hospodárenie a zisky sú nemožné. Výnosy a náklady nemocníc. Generačné problémy s pracovníkmi. Štruktúra nákladov a...
Gespeichert in:
| 1. Verfasser: | |
|---|---|
| Format: | Buchkapitel |
| Sprache: | Slowakisch |
| Schlagworte: | |
| Tags: |
Keine Tags, Fügen Sie das erste Tag hinzu!
|
MARC
| LEADER | 00000naa$a2200000$$$4500 | ||
|---|---|---|---|
| 001 | 0011859 | ||
| 005 | 20231009075020.7 | ||
| 041 | 0 | |a slo | |
| 044 | |a SK | ||
| 245 | 1 | 0 | |a Väčšina na zisk v nemocnici neverí, niektorí ho však tvoriť dokážu |c aut. Zuzana Horníková |
| 520 | |a Slovenské nemocnice avizujú, že možnosti na ďalšie znižovanie nákladov a zadlženosti začínajú dosahovať svoje limity. Samospráve sa darí spomaľovať dynamiku tvorby dlhov, ale vyrovnané hospodárenie a zisky sú nemožné. Výnosy a náklady nemocníc. Generačné problémy s pracovníkmi. Štruktúra nákladov a výnosov nemocníc. | ||
| 610 | 2 | 0 | |a nemocnice |
| 610 | 2 | 0 | |a hospodárenie finančné |
| 610 | 2 | 0 | |a znižovanie nákladov |
| 610 | 2 | 0 | |a zadlženosť |
| 610 | 2 | 0 | |a zisk |
| 610 | 2 | 0 | |a samospráva |
| 610 | 2 | 0 | |a výnosy |
| 610 | 2 | 0 | |a náklady |
| 610 | 2 | 0 | |a pracovníci |
| 100 | 1 | |a Horníková, Zuzana | |